[Event "World Rapid 2019"]
[Site "Moscow RUS"]
[Date "2019.12.26"]
[Round "2.57"]
[White "Kazhgaleyev, Murtas"]
[Black "Demchenko, Anton"]
[Result "1/2-1/2"]
[WhiteTitle "GM"]
[BlackTitle "GM"]
[WhiteElo "2569"]
[BlackElo "2642"]
[WhiteFideId "13700316"]
[BlackFideId "4160258"]
[EventDate "2019.12.26"]
[EventType "rapid"]

1. d4 Nf6 2. c4 d6 3. Nc3 e5 4. d5 Nbd7 5. e4 Nc5 6. f3 a5 7. Be3 Be7 8. Qd2 O-O
9. Nge2 c6 10. g4 cxd5 11. cxd5 Ne8 12. Ng3 a4 13. Bb5 Qa5 14. O-O Nc7 15. Be2
g6 16. Rad1 f6 17. Kh1 Bd7 18. f4 exf4 19. Rxf4 Be8 20. g5 a3 21. b4 Qxb4 22. e5
Qb2 23. exf6 Bd8 24. Qe1 Bf7 25. Bc1 Qc2 26. Rc4 b5 27. Nxb5 Qxa2 28. Nxd6 Nb3
29. Nxf7 Rxf7 30. d6 Ne6 31. Bg4 Nf8 32. Bf3 Ra5 33. Rc8 Nxc1 34. Rxd8 Qb3 35.
Bg4 Nd3 36. Rxf8+ Rxf8 37. Be6+ Kh8 38. Bxb3 Nxe1 39. Rxe1 a2 40. Ra1 Rd8 41.
Rxa2 Rxa2 42. Bxa2 Rxd6 43. Ne4 Rd4 44. Nc3 Rg4 45. Nd5 Rxg5 46. Nc7 Rf5 47. Ne8
h5 48. Be6 Rf4 49. Kg2 g5 50. Kg3 h4+ 51. Kg2 Kh7 52. h3 Kg6 53. f7 Kh6 54. Nc7
Kg7 55. Bd5 Rf5 56. Be6 Rf4 57. Ne8+ Kf8 58. Bd5 g4 59. hxg4 Rxg4+ 60. Kf3 Rg6
61. Kf4 Ra6 62. Kg4 1/2-1/2

[Event "World Rapid 2019"]
[Site "Moscow RUS"]
[Date "2019.12.26"]
[Round "2.58"]
[White "Studer, Noel"]
[Black "Alonso Rosell, Alvar"]
[Result "0-1"]
[WhiteTitle "GM"]
[BlackTitle "GM"]
[WhiteElo "2546"]
[BlackElo "2548"]
[WhiteFideId "1319620"]
[BlackFideId "2270544"]
[EventDate "2019.12.26"]
[EventType "rapid"]

1. d4 Nf6 2. c4 e6 3. Nf3 d5 4. g3 Bb4+ 5. Bd2 Bd6 6. Nc3 c6 7. Qc2 b6 8. e4
dxe4 9. Nxe4 Nxe4 10. Qxe4 Bb7 11. O-O-O Nd7 12. Bd3 Qc7 13. Qh4 Nf6 14. Bh6 Bf8
15. Bf4 Bd6 16. Bh6 Bf8 17. Bg5 Be7 18. Ne5 c5 19. Rhe1 cxd4 20. Qh3 Rf8 21. Kb1
Bd6 22. Bxf6 gxf6 23. Ng4 Be7 24. Nh6 Bb4 25. Re2 O-O-O 26. g4 Bd6 27. Be4 Bf4
28. Bxb7+ Qxb7 29. g5 Bxg5 30. Ng4 h5 0-1

[Event "World Rapid 2019"]
[Site "Moscow RUS"]
[Date "2019.12.26"]
[Round "2.59"]
[White "Najer, Evgeniy"]
[Black "Vastrukhin, Oleg"]
[Result "1-0"]
[WhiteTitle "GM"]
[BlackTitle "IM"]
[WhiteElo "2661"]
[BlackElo "2428"]
[WhiteFideId "4118987"]
[BlackFideId "4192770"]
[EventDate "2019.12.26"]
[EventType "rapid"]

1. e4 e6 2. d4 d5 3. Nc3 Bb4 4. e5 c5 5. Bd2 Nc6 6. Nb5 Bxd2+ 7. Qxd2 Nxd4 8.
Nxd4 cxd4 9. Nf3 Ne7 10. Qxd4 Nc6 11. Qe3 Qa5+ 12. Qd2 Qxd2+ 13. Kxd2 Bd7 14.
Bd3 Ke7 15. c3 f6 16. exf6+ Kxf6 17. Rhe1 e5 18. Bb5 Rhe8 19. Re3 e4 20. Nd4
Nxd4 21. Bxd7 Nf5 22. Bxe8 Nxe3 23. Kxe3 Rxe8 24. Kd4 Ke6 25. Re1 Rf8 26. Re2
Kd6 27. c4 dxc4 28. Kxc4 Ke5 29. f3 Rf4 30. Kc5 g5 31. b4 g4 32. fxe4 Rxe4 33.
Rd2 b6+ 34. Kb5 h5 35. g3 Re3 36. a4 Ke4 37. Rd7 Kf3 38. Rxa7 Kg2 39. Rh7 Re5+
40. Kxb6 Kxh2 41. a5 Kxg3 42. a6 h4 43. a7 Re8 44. b5 Kh3 45. Ka6 Rg8 46. Rg7
Rxg7 47. a8=Q g3 48. Qh1+ Kg4 49. Qe4+ Kh3 50. Qh1+ Kg4 51. b6 h3 52. Qe4+ Kh5
53. Qf5+ Kh4 54. Qf6+ Rg5 55. b7 g2 56. b8=Q g1=Q 57. Qbf4+ Kh5 58. Qh8+ 1-0

[Event "World Rapid 2019"]
[Site "Moscow RUS"]
[Date "2019.12.26"]
[Round "2.61"]
[White "Grachev, Boris"]
[Black "Abdusattorov, Nodirbek"]
[Result "1-0"]
[WhiteTitle "GM"]
[BlackTitle "GM"]
[WhiteElo "2614"]
[BlackElo "2635"]
[WhiteFideId "4129199"]
[BlackFideId "14204118"]
[EventDate "2019.12.26"]
[EventType "rapid"]

1. Nf3 Nf6 2. c4 e6 3. Nc3 d5 4. e3 b6 5. b3 Bb7 6. Bb2 a6 7. g3 Nbd7 8. cxd5
exd5 9. Bg2 g6 10. O-O Bg7 11. d4 O-O 12. Rc1 Re8 13. Rc2 c6 14. Ne2 Ne4 15. Nf4
Rc8 16. Qa1 a5 17. a4 h5 18. Rfc1 Bh6 19. Ne5 Nxe5 20. dxe5 Nc5 21. Rxc5 bxc5
22. Rxc5 Bf8 23. Rc1 Bg7 24. Bh3 Rc7 25. e6 Bxb2 26. Qxb2 Bc8 27. Qc2 Qg5 28.
exf7+ Kxf7 29. Bg2 Ree7 30. Nxd5 cxd5 31. Qxc7 Rxc7 32. Rxc7+ Kf6 33. Rxc8 d4
34. exd4 Qd2 35. Rc6+ Kg7 36. Rc5 Qxd4 37. Rxa5 Qd1+ 38. Bf1 Qxb3 39. h4 Qb1 40.
Rg5 Kf6 41. a5 Qa1 42. a6 Qa3 43. Be2 Qc1+ 44. Bf1 Qa3 45. Rb5 Qa1 46. Rb7 Ke5
47. a7 Kd4 48. Rf7 Ke5 49. Kh2 Qa2 50. Bg2 1-0

[Event "World Rapid 2019"]
[Site "Moscow RUS"]
[Date "2019.12.26"]
[Round "2.62"]
[White "Grigoriants, Sergey"]
[Black "Petrosyan, Manuel"]
[Result "1-0"]
[WhiteTitle "GM"]
[BlackTitle "GM"]
[WhiteElo "2542"]
[BlackElo "2613"]
[WhiteFideId "4130804"]
[BlackFideId "13300857"]
[EventDate "2019.12.26"]
[EventType "rapid"]

1. e4 e5 2. Nf3 Nc6 3. Bb5 Nf6 4. d3 Bc5 5. Bxc6 dxc6 6. O-O Nd7 7. c3 O-O 8. d4
Bd6 9. Bg5 f6 10. Bh4 Re8 11. Nbd2 exd4 12. cxd4 Nb6 13. Re1 Be6 14. Qc2 a5 15.
e5 Be7 16. Ne4 f5 17. Bxe7 Qxe7 18. Nc5 Rab8 19. Nxe6 Qxe6 20. Ng5 Qg6 21. Nf3
Qh5 22. e6 Re7 23. Re5 g6 24. Rae1 Rbe8 25. h3 Qh6 26. Rxa5 Nd5 27. Ra7 Rxe6 28.
Rxe6 Rxe6 29. Rxb7 Qf8 30. Ne5 Kg7 31. Qc4 Qa8 32. Qb3 Qa5 33. Kh2 Qd2 34. Qf3
Qxd4 35. Nd3 Re7 36. g3 Ne3 37. Nf4 Nf1+ 38. Kg2 Nd2 39. Qc3 Qxc3 40. bxc3 Ne4
41. a4 Nc5 42. Rb4 g5 43. Rc4 Nxa4 44. Nh5+ Kg6 45. g4 Nb6 46. Rxc6+ Kf7 47.
gxf5 Nc8 48. Rf6+ Kg8 49. Re6 Kf7 50. Rh6 Kf8 51. Nf6 Kg7 52. Ng4 Rf7 53. f6+
Kg8 54. Rh5 Rf8 55. Rxg5+ Kh8 56. Rc5 Nd6 57. Rxc7 h5 58. Ne5 Rxf6 59. Rc6 Kg7
60. c4 Ne4 61. Rxf6 Kxf6 62. Nd3 Nd2 63. c5 h4 64. c6 Ke6 65. Ne5 Kd6 66. f4 Nb3
67. Kf3 Nd4+ 68. Kg4 Ne6 69. Kf5 Nd4+ 70. Kg5 Ne6+ 71. Kg4 Kc7 72. f5 Nf8 73.
Kxh4 Nh7 74. Kh5 Nf6+ 75. Kg6 Nd5 76. f6 1-0

[Event "World Rapid 2019"]
[Site "Moscow RUS"]
[Date "2019.12.26"]
[Round "2.63"]
[White "Miranda Neto, Jayme Amorim"]
[Black "Sanal, Vahap"]
[Result "0-1"]
[WhiteTitle "CM"]
[BlackTitle "GM"]
[WhiteElo "2102"]
[BlackElo "2549"]
[WhiteFideId "2115964"]
[BlackFideId "6300545"]
[EventDate "2019.12.26"]
[EventType "rapid"]

1. d4 Nf6 2. Nf3 e6 3. e3 c5 4. Bd3 b6 5. O-O Bb7 6. Qe2 Be7 7. Nbd2 cxd4 8.
exd4 O-O 9. c3 d6 10. Ne4 Nbd7 11. Nxf6+ Nxf6 12. Ba6 Qc8 13. Bxb7 Qxb7 14. Re1
b5 15. a4 a6 16. Nd2 Nd5 17. Ne4 Qc6 18. axb5 axb5 19. Rxa8 Rxa8 20. Qd3 h6 21.
h3 Ra1 22. Bd2 Rxe1+ 23. Bxe1 f5 24. Nd2 Bg5 25. Nf3 Nf4 26. Qd1 Qe4 27. Bd2 Qd3
28. Kh2 Ne2 29. Qb3 Bf4+ 30. Bxf4 Nxf4 31. Qa3 Qf1 32. Nh4 Qxf2 0-1

[Event "World Rapid 2019"]
[Site "Moscow RUS"]
[Date "2019.12.26"]
[Round "2.64"]
[White "Dreev, Aleksey"]
[Black "Tissir, Mohamed"]
[Result "1-0"]
[WhiteTitle "GM"]
[BlackTitle "IM"]
[WhiteElo "2677"]
[BlackElo "2379"]
[WhiteFideId "4100107"]
[BlackFideId "9000240"]
[EventDate "2019.12.26"]
[EventType "rapid"]

1. d4 e6 2. c4 c5 3. d5 exd5 4. cxd5 d6 5. Nc3 Ne7 6. Nf3 Ng6 7. h4 Nd7 8. Qa4
h5 9. Bg5 Be7 10. e3 O-O 11. Be2 Nf6 12. Qc2 a6 13. Bd3 Qe8 14. a4 Rb8 15. a5
Bd7 16. O-O Bg4 17. Ra4 Bxf3 18. gxf3 Ne5 19. Be2 Qd7 20. Kg2 g6 21. Rg1 Nh7 22.
Bh6 Rfc8 23. Bf4 Bf6 24. Kh2 Kh8 25. b3 Rg8 26. Bg3 Qe7 27. Rh1 Rbe8 28. Kg2 Bg7
29. Ne4 f5 30. Ng5 Nxg5 31. hxg5 Rgf8 32. f4 Nd7 33. Bf3 Kg8 1-0

[Event "World Rapid 2019"]
[Site "Moscow RUS"]
[Date "2019.12.26"]
[Round "2.65"]
[White "Thing, Bibek"]
[Black "Paravyan, David"]
[Result "0-1"]
[WhiteTitle "CM"]
[BlackTitle "GM"]
[WhiteElo "2222"]
[BlackElo "2629"]
[WhiteFideId "12303135"]
[BlackFideId "4194985"]
[EventDate "2019.12.26"]
[EventType "rapid"]

1. e4 c5 2. Nf3 Nc6 3. c3 Nf6 4. e5 Nd5 5. g3 d6 6. exd6 exd6 7. d4 Bg4 8. Be2
Be7 9. O-O O-O 10. Nbd2 Re8 11. Re1 Bf6 12. dxc5 dxc5 13. Nc4 Bxc3 14. Bg5 Bf6
15. Bxf6 Nxf6 16. Ne3 Bh5 17. Qb3 Bxf3 18. Bxf3 Nd4 19. Qd1 Qb6 20. Bg2 Qxb2 21.
Rb1 Qxa2 22. Rxb7 Rad8 23. Qb1 Qa5 24. Qa1 Qd2 25. Rb2 Qd3 26. Qxa7 c4 27. Rd1
Ne2+ 28. Kh1 Qxd1+ 29. Nxd1 Rxd1+ 30. Bf1 Rxf1+ 31. Kg2 Rg1+ 32. Kf3 g5 33. h3
h5 34. Rxe2 g4+ 35. hxg4 hxg4+ 36. Kf4 Rxe2 37. Qd4 Re4+ 0-1

[Event "World Rapid 2019"]
[Site "Moscow RUS"]
[Date "2019.12.26"]
[Round "2.66"]
[White "Blohberger, Felix"]
[Black "Kobalia, Mikhail"]
[Result "1/2-1/2"]
[WhiteTitle "IM"]
[BlackTitle "GM"]
[WhiteElo "2434"]
[BlackElo "2609"]
[WhiteFideId "1632051"]
[BlackFideId "4119150"]
[EventDate "2019.12.26"]
[EventType "rapid"]

1. Nf3 d5 2. g3 c6 3. Bg2 Bg4 4. h3 Bh5 5. O-O Nd7 6. d4 Ngf6 7. c4 e6 8. cxd5
exd5 9. Qb3 Qb6 10. Qe3+ Be7 11. Nh4 Bg6 12. Nc3 Qd8 13. Nxg6 hxg6 14. Qd3 O-O
15. h4 Re8 16. Bf3 Nb6 17. Kg2 Nc4 18. Rh1 Nd6 19. Bf4 Nh5 20. Bxh5 gxh5 21. Qf3
g6 22. Bxd6 Bxd6 23. e3 Qd7 24. Rab1 a5 25. Na4 Qe7 26. Rhc1 Kg7 27. Nc5 a4 28.
Nd3 Ra5 29. Rc2 Rb5 30. Kg1 Ra8 31. Kg2 Ra6 32. Kg1 Rab6 33. Kg2 Ba3 34. Kg1 f5
35. Qf4 Bd6 36. Qg5 Ra5 37. Qxe7+ Bxe7 38. Kf1 Bd6 39. Ke2 Kf6 40. Kd2 Rbb5 41.
Ke2 Ra8 42. Kd2 Ke6 43. Ke2 Rc8 44. Rbc1 Kd7 45. Kf3 Re8 46. Ke2 Rc8 47. Kf3 Re8
48. Ke2 Ra8 49. Kf3 Re8 50. Ke2 Ra8 51. Kf3 Re8 1/2-1/2

[Event "World Rapid 2019"]
[Site "Moscow RUS"]
[Date "2019.12.26"]
[Round "2.67"]
[White "Wojtaszek, Radoslaw"]
[Black "Tsvetkov, Andrey"]
[Result "0-1"]
[WhiteTitle "GM"]
[BlackTitle "FM"]
[WhiteElo "2725"]
[BlackElo "2350"]
[WhiteFideId "1118358"]
[BlackFideId "34139360"]
[EventDate "2019.12.26"]
[EventType "rapid"]

1. d4 d5 2. c4 e6 3. Nc3 c6 4. e3 Nf6 5. Bd3 Nbd7 6. b3 Bd6 7. f4 c5 8. Nf3 cxd4
9. exd4 dxc4 10. bxc4 O-O 11. O-O b6 12. Ne5 Bb7 13. Bb2 a6 14. a4 Qe7 15. Qe2
Rac8 16. Kh1 Rfd8 17. Rad1 Nf8 18. f5 Ba3 19. Ba1 h6 20. Bb1 exf5 21. Bxf5 Rc7
22. Rd3 Ne6 23. Ne4 Nxe4 24. Bxe4 Bxe4 25. Qxe4 Ng5 26. Qg4 Bd6 27. h4 Bxe5 28.
hxg5 Qxg5 29. Qh3 Rxc4 30. Bc3 Bf6 31. Rg3 Qh4 32. Rxf6 Qxf6 33. d5 Rxc3 34.
Rxc3 Rxd5 35. Rf3 Rd1+ 0-1

[Event "World Rapid 2019"]
[Site "Moscow RUS"]
[Date "2019.12.26"]
[Round "2.68"]
[White "Pigusov, Evgeny"]
[Black "Gelfand, Boris"]
[Result "1/2-1/2"]
[WhiteTitle "GM"]
[BlackTitle "GM"]
[WhiteElo "2555"]
[BlackElo "2684"]
[WhiteFideId "4100514"]
[BlackFideId "2805677"]
[EventDate "2019.12.26"]
[EventType "rapid"]

1. Nf3 c5 2. c4 Nc6 3. Nc3 g6 4. e3 Nf6 5. d4 cxd4 6. exd4 d5 7. cxd5 Nxd5 8.
Bc4 Nxc3 9. Qb3 e6 10. bxc3 Bd7 11. Be2 Na5 12. Qd1 Bg7 13. Ba3 Bf8 14. Bc1 Rc8
15. O-O f6 16. Re1 Bd6 17. Nd2 O-O 18. c4 Qc7 19. h3 b6 20. Bb2 Bh2+ 21. Kh1 Bf4
22. d5 exd5 23. Nb3 dxc4 24. Nxa5 bxa5 25. Bxc4+ Qxc4 26. Qxd7 Rc7 27. Qe6+ Qxe6
28. Rxe6 Rc2 29. Bd4 Rd2 30. Bxa7 Be5 31. Be3 Rc2 32. Rd1 Rxa2 33. g4 g5 34. Rd7
Rf7 35. Rd8+ Kg7 36. Ree8 Rb7 37. Rh8 Kg6 38. Rdg8+ Rg7 39. Ra8 a4 40. Ra6 Rd7
41. Rha8 Bf4 42. Rxa4 Rxa4 43. Rxa4 Bxe3 44. fxe3 Rd3 45. Re4 h5 46. gxh5+ Kxh5
47. Kg2 Kg6 48. Kf2 1/2-1/2

[Event "World Rapid 2019"]
[Site "Moscow RUS"]
[Date "2019.12.26"]
[Round "2.69"]
[White "Rakhmanov, Aleksandr"]
[Black "Faizrakhmanov, Ramil"]
[Result "1-0"]
[WhiteTitle "GM"]
[BlackTitle "IM"]
[WhiteElo "2645"]
[BlackElo "2434"]
[WhiteFideId "4173708"]
[BlackFideId "24103209"]
[EventDate "2019.12.26"]
[EventType "rapid"]

1. c4 Nf6 2. Nc3 e5 3. e3 Nc6 4. Nf3 g6 5. d4 d6 6. dxe5 Nxe5 7. Be2 Bg7 8. O-O
O-O 9. Nd4 Re8 10. b3 c6 11. Bb2 d5 12. cxd5 Nxd5 13. Nxd5 Qxd5 14. Rc1 Qd8 15.
b4 Be6 16. Nxe6 Rxe6 17. Qxd8+ Rxd8 18. Bd4 Nd7 19. Rfd1 Nb6 20. Bxb6 Rxd1+ 21.
Rxd1 axb6 22. Rd7 b5 23. Rxb7 Bf8 24. a3 Re7 25. Rb6 Ra7 26. Rxc6 Rxa3 27. g3
Bxb4 28. Rc7 Ba5 29. Ra7 Bb4 30. Rd7 Bc5 31. Rc7 Rc3 32. Bxb5 Rc1+ 33. Kg2 Bxe3
34. Bc4 Bh6 35. Bxf7+ Kh8 36. Re7 Bg5 37. Re5 Bf6 38. Re4 Rc2 39. h4 Rd2 40. Bb3
Bd4 41. Rf4 Bc5 42. Kf1 Rb2 43. Bc4 Rb1+ 44. Kg2 Rb2 45. Bd3 Rd2 46. Bf1 Kg7 47.
Rf3 Bd4 48. Bc4 Bc5 49. Kf1 Rc2 50. Bb3 Rb2 51. Bd1 Rd2 52. Be2 Rc2 53. Rd3 Rb2
54. Rd7+ Kh8 55. f4 Rb1+ 56. Kg2 Rb2 57. Kf3 Rb3+ 58. Bd3 h5 59. Rd5 Bb4 60. Ke3
Be7 61. Rd7 Bf6 62. Kf3 Ra3 63. Kg2 Ra2+ 64. Kf3 Rd2 65. Ke3 Rg2 66. Kf3 Rd2 67.
Rd5 Kg7 68. Rd6 Rd1 69. Ke2 Rg1 70. Rd7+ Kh6 71. Rf7 Bd4 72. Rd7 Bf6 73. Kf2 Rd1
74. f5 Rd2+ 75. Ke3 Rg2 76. Kf3 Rd2 77. Rd6 Kg7 78. fxg6 Rd1 79. Rd7+ Kh8 80.
Rh7+ Kg8 81. Bc4+ 1-0

[Event "World Rapid 2019"]
[Site "Moscow RUS"]
[Date "2019.12.26"]
[Round "2.70"]
[White "Christiansen, Johan-Sebastian"]
[Black "Golubov, Saveliy"]
[Result "1-0"]
[WhiteTitle "GM"]
[BlackTitle "IM"]
[WhiteElo "2597"]
[BlackElo "2469"]
[WhiteFideId "1512668"]
[BlackFideId "24176729"]
[EventDate "2019.12.26"]
[EventType "rapid"]

1. e4 g6 2. d4 Bg7 3. Nc3 d6 4. Be3 c6 5. Nf3 Nd7 6. Qd2 b5 7. O-O-O Nb6 8. Bd3
Nc4 9. Bxc4 bxc4 10. Kb1 Qa5 11. Ka1 Bg4 12. Rb1 Nf6 13. Bh6 O-O 14. Nd5 Qd8 15.
Nxf6+ exf6 16. h3 Be6 17. Bxg7 Kxg7 18. d5 cxd5 19. exd5 Bf5 20. Nd4 Be4 21. Nc6
Qb6 22. f3 Bf5 23. Qc3 Bd7 24. Ne7 Rfe8 25. Rhe1 Qd8 26. Nc6 Bxc6 27. dxc6 d5
28. Rxe8 Qxe8 29. Rd1 Qxc6 30. g4 Kg8 31. Qd4 Re8 32. h4 a5 33. h5 Re2 34. Kb1
Qe6 35. a3 Re5 36. h6 g5 37. Qc5 f5 38. Qxa5 Qxh6 39. Rxd5 Rxd5 40. Qxd5 f4 41.
a4 Qf6 42. a5 h5 43. gxh5 g4 44. a6 Qe7 45. fxg4 Qe3 46. Qd8+ Kh7 47. Qc7 f3 48.
Qxf7+ Kh8 49. Qf8+ Kh7 50. Qf7+ Kh8 51. Qf6+ Kh7 52. Qf5+ Kg8 53. Qd5+ Kh7 54.
Ka2 f2 55. Qf7+ Kh8 56. a7 1-0

[Event "World Rapid 2019"]
[Site "Moscow RUS"]
[Date "2019.12.26"]
[Round "2.71"]
[White "Ivanisevic, Ivan"]
[Black "Lobanov, Sergei"]
[Result "1-0"]
[WhiteTitle "GM"]
[BlackTitle "IM"]
[WhiteElo "2593"]
[BlackElo "2504"]
[WhiteFideId "912417"]
[BlackFideId "24183750"]
[EventDate "2019.12.26"]
[EventType "rapid"]

1. c4 e5 2. Nc3 Nf6 3. Nf3 Nc6 4. g3 Bc5 5. Nxe5 Nxe5 6. d4 Qe7 7. dxe5 Ng4 8.
e3 Nxe5 9. f4 Ng6 10. Nd5 Qd6 11. Bd2 c6 12. Nc3 Qe7 13. Qf3 O-O 14. O-O-O Re8
15. Bd3 Bxe3 16. Rhe1 Bxd2+ 17. Kxd2 Qd8 18. Rxe8+ Qxe8 19. Re1 Qd8 20. f5 Nf8
21. f6 Qxf6 22. Qxf6 gxf6 23. Re8 b6 24. Ne4 Bb7 25. Re7 c5 26. Nxf6+ Kg7 27.
Ne8+ Kh6 28. Nd6 Bf3 29. h4 Bh5 30. Be4 Rb8 31. Bd5 b5 32. Nxf7+ Kg7 33. Nd6+
Kf6 34. Re3 bxc4 35. Kc3 Ne6 36. Bxc4 Bg6 37. g4 h6 38. Bxe6 dxe6 39. Ne4+ Bxe4
40. Rxe4 Rb4 41. Rxb4 cxb4+ 42. Kd4 a5 43. b3 h5 44. gxh5 1-0

[Event "World Rapid 2019"]
[Site "Moscow RUS"]
[Date "2019.12.26"]
[Round "2.72"]
[White "Adhiban, Baskaran"]
[Black "Potapov, Pavel"]
[Result "1-0"]
[WhiteTitle "GM"]
[BlackTitle "GM"]
[WhiteElo "2654"]
[BlackElo "2482"]
[WhiteFideId "5018471"]
[BlackFideId "4169786"]
[EventDate "2019.12.26"]
[EventType "rapid"]

1. d4 Nf6 2. c4 e6 3. Nc3 Bb4 4. e3 O-O 5. Bd2 d5 6. Nf3 b6 7. cxd5 exd5 8. Rc1
Bb7 9. Bd3 c5 10. Ne5 Nbd7 11. O-O Qe7 12. f4 Rfd8 13. Qf3 Nf8 14. Be1 Ne4 15.
Qh3 f6 16. Nxe4 fxe5 17. Bh4 Qe8 18. Bxd8 Rxd8 19. Nf6+ gxf6 20. fxe5 c4 21. Bc2
Qd7 22. Bf5 Qf7 23. Rf4 Kh8 24. Rcf1 Be7 25. e6 Qe8 26. Rh4 1-0

[Event "World Rapid 2019"]
[Site "Moscow RUS"]
[Date "2019.12.26"]
[Round "2.73"]
[White "Glek, Igor"]
[Black "Gareyev, Timur"]
[Result "1-0"]
[WhiteTitle "GM"]
[BlackTitle "GM"]
[WhiteElo "2467"]
[BlackElo "2598"]
[WhiteFideId "4100484"]
[BlackFideId "14200937"]
[EventDate "2019.12.26"]
[EventType "rapid"]

1. e4 e5 2. Nf3 Nc6 3. Nc3 Nf6 4. g3 Bc5 5. Bg2 d6 6. d3 a6 7. O-O Ba7 8. Be3
Bxe3 9. fxe3 Bg4 10. Qd2 Bxf3 11. Rxf3 h5 12. Raf1 Ne7 13. Nd5 Neg8 14. d4 c6
15. Nxf6+ Nxf6 16. Rf5 Qc7 17. dxe5 dxe5 18. Qc3 O-O-O 19. Rxe5 Rhe8 20. Ref5
Re7 21. e5 Ng4 22. Bh3 g6 23. Rg5 Rd5 24. Bxg4+ hxg4 25. Qb4 Kb8 26. Qxg4 Qb6
27. Qf4 Ka8 28. b3 Qc5 29. c4 Rd3 30. e6 f5 31. Rxg6 Rxe3 32. b4 Qe5 33. Qxf5
Qd4 34. Rg8+ Ka7 35. Qc5+ Qxc5 36. bxc5 Re5 37. Rf7 R7xe6 38. Rgg7 Re1+ 39. Kg2
Rb1 40. h4 Re2+ 41. Kh3 Re5 42. Rg5 Re4 43. Rf4 Re3 44. Rf8 Rh1+ 45. Kg2 Ree1
46. Rgg8 Reg1+ 47. Kf3 Rf1+ 48. Kg4 Rxf8 49. Rxf8 1-0

[Event "World Rapid 2019"]
[Site "Moscow RUS"]
[Date "2019.12.26"]
[Round "2.74"]
[White "Yanchenko, Roman"]
[Black "Zvjaginsev, Vadim"]
[Result "1-0"]
[WhiteTitle "FM"]
[BlackTitle "GM"]
[WhiteElo "2463"]
[BlackElo "2627"]
[WhiteFideId "4137329"]
[BlackFideId "4113403"]
[EventDate "2019.12.26"]
[EventType "rapid"]

1. d4 d5 2. c4 e6 3. Nc3 Nf6 4. Nf3 Nbd7 5. e3 a6 6. b3 b6 7. Bb2 Bb7 8. Be2 Bd6
9. O-O O-O 10. cxd5 exd5 11. Rc1 Qe7 12. Qc2 Rac8 13. Rfd1 Rfe8 14. Qb1 Ng4 15.
Qf5 Qe6 16. Qxe6 fxe6 17. h3 Ngf6 18. Nb1 e5 19. dxe5 Nxe5 20. Nxe5 Bxe5 21.
Bxe5 Rxe5 22. Nd2 c5 23. a3 a5 24. Bf3 Ba6 25. b4 a4 26. bxc5 bxc5 27. Nb1 Bc4
28. Rd2 Bb3 29. Rb2 Ree8 30. Bd1 c4 31. Bf3 Ne4 32. Bxe4 dxe4 33. Rd2 Red8 34.
Rxd8+ Rxd8 35. Nc3 Re8 36. Kf1 Kf7 37. Ke1 Kg6 38. Nb5 Rd8 39. Nd4 Rf8 40. Ke2
Kf6 41. Kd2 g5 42. f3 Kg6 43. Kc3 h5 44. Re1 Re8 45. Nb5 Rd8 46. Nd4 Re8 47.
fxe4 Rxe4 48. Nf3 h4 49. Nd2 Re8 50. e4 Kf6 51. Nf3 Rd8 52. e5+ Ke7 53. Nd4 Rf8
54. e6 Rf2 55. Re5 Rxg2 56. Nc6+ Ke8 57. Rd5 Rg3+ 58. Kb4 Rd3 59. Rxg5 Kf8 60.
e7+ Kf7 61. Rf5+ 1-0

[Event "World Rapid 2019"]
[Site "Moscow RUS"]
[Date "2019.12.26"]
[Round "2.75"]
[White "Perunovic, Milos"]
[Black "Iljiushenok, Ilia"]
[Result "1-0"]
[WhiteTitle "GM"]
[BlackTitle "GM"]
[WhiteElo "2589"]
[BlackElo "2521"]
[WhiteFideId "921629"]
[BlackFideId "24105074"]
[EventDate "2019.12.26"]
[EventType "rapid"]

1. e4 e6 2. d4 d5 3. Nc3 Bb4 4. e5 c5 5. a3 Bxc3+ 6. bxc3 Ne7 7. Qg4 cxd4 8. Bd3
Qa5 9. Rb1 Nd7 10. Nf3 Qxc3+ 11. Bd2 Qc7 12. O-O Nxe5 13. Nxe5 Qxe5 14. Bf4 h5
15. Qh4 Nf5 16. Bb5+ Bd7 17. Bxd7+ Kxd7 18. Rxb7+ Ke8 19. Bxe5 Nxh4 20. Rfb1 Rh6
21. Bxd4 Rg6 22. Bc5 Nf5 23. Bxa7 Rg4 24. Rc7 Rc4 25. Rxc4 dxc4 26. Bc5 Rc8 27.
Rb5 Kd7 28. Kf1 Kc6 29. Ra5 Rd8 30. Bb4 Rd1+ 31. Ke2 Rg1 32. Rc5+ Kb6 33. g3 h4
34. Rxc4 h3 35. g4 Nh6 36. Kf3 f5 37. gxf5 Nxf5 38. Bd2 g5 39. a4 Rg2 40. a5+
Kb5 41. Re4 Rxh2 42. c4+ Kc6 43. Rxe6+ Kd7 44. Rf6 Nd4+ 45. Kg3 Rh1 46. a6 Ne2+
47. Kf3 Rg1 48. a7 h2 49. Rh6 Nd4+ 50. Ke4 Rg4+ 1-0

[Event "World Rapid 2019"]
[Site "Moscow RUS"]
[Date "2019.12.26"]
[Round "2.76"]
[White "Iturrizaga Bonelli, Eduardo"]
[Black "Baron, Tal"]
[Result "1-0"]
[WhiteTitle "GM"]
[BlackTitle "GM"]
[WhiteElo "2597"]
[BlackElo "2541"]
[WhiteFideId "3901211"]
[BlackFideId "2809958"]
[EventDate "2019.12.26"]
[EventType "rapid"]

1. c4 c5 2. Nf3 Nf6 3. Nc3 d5 4. cxd5 Nxd5 5. Qb3 Nb4 6. a3 Be6 7. Qd1 N4c6 8.
e3 g6 9. h4 h6 10. d4 Bg7 11. d5 Bxc3+ 12. bxc3 Qxd5 13. Bd2 c4 14. Rb1 Na6 15.
Nd4 Nc5 16. f3 O-O-O 17. Be2 f5 18. O-O Bd7 19. e4 fxe4 20. Be3 Ne5 21. Qe1 exf3
22. Nxf3 Ng4 23. Rd1 Nd3 24. Bxd3 cxd3 25. Bxa7 Qd6 26. c4 Rhf8 27. c5 Qf4 28.
Rxd3 e5 29. Bb6 Rde8 30. Qa5 e4 31. Rd6 Qxd6 32. cxd6 Bc6 33. d7+ Kxd7 34. Rd1+
Ke7 35. Ne5 Rf5 36. Qb4+ 1-0

[Event "World Rapid 2019"]
[Site "Moscow RUS"]
[Date "2019.12.26"]
[Round "2.77"]
[White "Pashikian, Arman"]
[Black "Batchuluun, Tsegmed"]
[Result "1/2-1/2"]
[WhiteTitle "GM"]
[BlackTitle "GM"]
[WhiteElo "2605"]
[BlackElo "2530"]
[WhiteFideId "13301578"]
[BlackFideId "4900847"]
[EventDate "2019.12.26"]
[EventType "rapid"]

1. d4 Nf6 2. c4 e6 3. Nf3 d5 4. g3 dxc4 5. Bg2 Nc6 6. Qa4 Bb4+ 7. Bd2 Nd5 8.
Bxb4 Nxb4 9. O-O Rb8 10. Na3 O-O 11. Qb5 b6 12. Qxc4 Ba6 13. Nb5 Qd5 14. Qxd5
Nxd5 15. a4 Na5 16. Ne5 Rbd8 17. Nxa7 Nb4 18. Nb5 Bxb5 19. axb5 Rxd4 20. Rac1 f6
21. Nf3 Rd7 22. Rfd1 Rfd8 23. Rxd7 Rxd7 24. e3 c5 25. bxc6 Naxc6 26. Bf1 Rd6 27.
Bb5 Kf7 28. Rc4 Ke7 29. h4 Rd1+ 30. Kg2 Kd6 31. h5 Rd5 32. Bxc6 Nxc6 33. Rg4
Rxh5 34. Rxg7 Rb5 35. Nd2 Na5 36. Rxh7 f5 37. b3 Nxb3 38. Nf3 Rc5 39. Ng5 Rc6
40. e4 b5 41. Rh6 Kd7 42. Rh7+ Kd6 43. Rh6 Kd7 44. Nf3 Rc5 45. Rh7+ Kc6 46. Rh6
Kd7 47. Rh7+ Kc6 48. Rh6 Kd7 49. Rh7+ Kc6 50. Rh6 1/2-1/2